Statistiques concernant pays qui ont eu les séisme les plus puissant

Cliquez ici pour prendre le quiz!

Statistiques générales

  • Ce quiz a été pris 159 fois
  • Le résultat moyen est 7 sur 10

Statistiques - réponses

magnituderéponse% Correct
9.1Japon
98%
9.2Etats unis
87%
8.7Etats unis
87%
8.6Etats unis
87%
9.1Indonesie
74%
8.2indonesie
74%
9Russie
72%
9.5Chili
53%
8.8Chili
53%
8.8Equateur
25%

Distribution des résultats

Percentile par nombre de réponses

% des personnes avec chaque résultat

Votre développement - résultats

Vous n’avez pas pris ce quiz